000 01057nam a2200217 a 4500
001 001164045
003 AM-YeHGA
005 20250617152513.0
008 160714s1977 ||| r 000 0 rus d
040 _aAM-YeHGA
041 0 _arus
100 1 _aГуревич, Аркадий Михайлович
245 1 0 _aЭффективность внедрения новой техники и технологии в трубном производстве /
_cА.М. Гуревич, Р.В. Куричьев, Л.Я. Донской.
260 _aМосква :
_bМеталлургия,
_c1977.
300 _a80 с.
440 0 _aЭкономика металлургического производства
653 0 _aТрубное производство - Внедрение передовой технологии и техники - Экономическая эффективность
700 1 _aКуричьев, Рудольф Валентинович
700 1 _aДонской, Леонид Яковлевич
090 _c373871
999 _c371991
_d371991